000 00439nam a22001937a 4500
005 20230717100057.0
008 230717b |||||||| |||| 00| 0 eng d
020 _a9781133939252
082 _a658.8
_bFER-M
100 _aFerrel,Pride
245 _aMARKETING
250 _a17ed.
260 _aUSA
_bSouth Westren
_c2014
300 _a735
500 _ainclude index
650 _aManagement
700 _aPride Ferrel
999 _c26011
_d26011